Normal view
MARC view
Entry Personal Name
001 - CONTROL NUMBER
- control field: 25939
003 - CONTROL NUMBER IDENTIFIER
- control field:
005 - DATE AND TIME OF LATEST TRANSACTION
- control field: 20250925081545.0
008 - FIXED-LENGTH DATA ELEMENTS
- fixed length control field: 250925|| aca||aabn | a|a d
040 ## - CATALOGING SOURCE
- Original cataloging agency:
- Transcribing agency:
100 ## - HEADING--PERSONAL NAME
- Personal name: Weetman, Pauline
670 ## - SOURCE DATA FOUND
- Source citation: Work cat.: ()13348: Weetman, Pauline., Management accounting /, 2006.